Landeshauptstädte Österreichs - Statistiken

Allgemein
  • Dieses Quiz wurde 231 mal gespielt
  • Das Durchschnittsergebnis liegt bei 8 aus 9
Antwortstatistiken
Bundesland Hauptstadt % Korrekt
Salzburg Salzburg
97%
Wien Wien
95%
Steiermark Graz
90%
Tirol Innsbruck
88%
Oberösterreich Linz
87%
Kärnten Klagenfurt
86%
Niederösterreich Sankt Pölten
76%
Vorarlberg Bregenz
75%
Burgenland Eisenstadt
75%
Keine übereinstimmenden Quizze gefunden
Verteilung der Resultate
Anzahl Personen mit jedem Resultat
Perzentil nach korrekt beantworteten Fragen
Ihre Resultats-Entwicklung
Sie haben dieses Quiz noch nicht gespielt